Loading...
| Other Arts: Visual | 1 | 1 | 0 | 0 | 25 | 37 | 68.00 | 2 | 2 |
| Science - Biology | 0 | 2 | 0 | 1 | 20 | 118 | 129.50 | 0 | 2 |
| Other Arts: Auditory | 1 | 0 | 0 | 0 | 15 | 77 | 77.00 | 1 | 1 |
| History - European History | 0 | 2 | 1 | 1 | 15 | 109 | 122.00 | 1 | 1 |
| Beliefs | 0 | 2 | 1 | 1 | 15 | 85 | 111.00 | 1 | 1 |
| Ancient History and Archaeology | 0 | 1 | 0 | 0 | 10 | 111 | 111.00 | 0 | 0 |
| British and Commonwealth History | 0 | 1 | 0 | 1 | 10 | 120 | 120.00 | 0 | 1 |
| Literature - British Literature | 0 | 1 | 0 | 0 | 10 | 96 | 96.00 | 0 | 1 |
| Social Science | 0 | 1 | 0 | 0 | 10 | 116 | 116.00 | 0 | 1 |
| World and Other Literature | 0 | 0 | 1 | 0 | -5 | 0.00 | 0 | 0 |